000 00864nam a22002417a 4500
005 20111108110827.0
008 111108t xxu||||| |||| 00| 0 eng d
010 _aENG-104056
020 _a9789381385296
_c650.00
035 _aEN-87589
037 _bDBAD/PUB
040 _aDPL
_bEng
082 _a333.30
100 _935745
245 _aReal estate and economy /
_cedited by B.D. Sharma
260 _aDelhi
_bAncient Publishing House
_c2011
270 _aV-75, Street No. 15-A, Vijay Park, Near C-11, Shiv Sadhana Mandir, Yamuna Vihar
_bDelhi
_e110053
300 _avi,272p.
_c22cm (Hb)
500 _aIncludes index
700 _935744
_aSharma, B.D.
942 _2ddc
_cEN
_h333.30
_mREA
999 _c58197
_d58197